000 01205nam a2200289 a 4500
001 000000836
005 20200929145423.0
008 090527s1985 sp 000 0 spa d
020 _a8475093582
020 _a9788475093581
040 _aDO-SdBNP
_bspa
_cBNPHU
082 _a836
_bR573c
100 1 _aRilke, Rainer María,
_d1875-1926
_92953
245 1 0 _aCartas sobre Cézanne /
_cRainer María Rilke ; editada Clara Rilke ; epílogo y notas Heinrich Wiegand Petzet ; traducción Nicanor Ancochea.
260 _aBarcelona :
_bPaidós,
_c1985.
300 _a94 p. ;
_c21 cm.
490 0 _aPaidós estética
_v3
500 _aTítulo original en alemán: Briefe über Cézanne
505 0 _aLas cartas -- Epílogo -- Apéndice -- Notas a las cartas -- Referencias bibliográficas.
600 1 4 _aCÉZANNE, PAUL,
_d1839-1906
_xCRÍTICA E INTERPRETACIÓN
_92954
600 1 4 _aRILKE, RAINER MARÍA,
_d1875-1926
_vCORRESPONDENCIAS, MEMORIAS, ETC.
_92955
600 1 4 _aAUTORES GERMÁNICOS
_ySIGLO XX
_vCORRESPONDENCIAS, MEMORIAS, ETC.
_92956
700 1 _aRilke, Clara,
_eed.
_92957
700 1 _aWiegand Petzet, Heinrich
_92958
700 1 _aAncochea, Nicanor,
_etr.
_92959
830 0 _aPaidós estética
_n3
_92960
999 _c832
_d832